000 00617nam a22001815i 4500
001 163613
003 ES-MaACL
005 20250807062551.0
008 030211s1895 sp a |||| | spa d
040 _aCCPB | B
_bspa
_cCCPB | B
100 1 _aRobert, Julio.
_9131880
245 1 0 _aImpresiones de viaje /
_cpor Julio Robert.
260 _aMadrid :
_b[s.n.],
_c1895 (
_fImp. y librería de Nicolás Moya)
300 _a14 p. :
_bil. ;
_c23 cm.
650 0 7 _aMedicina
_2embne
_914891
852 _aES-MaACL
_jT-853-F-7
_z-- Enc. hol. conservando la cub. original
_z-- Enc. en un vol. facticio
999 _c163613
_d163613